Information systems for modern management (Record no. 8000)

MARC details
000 -LEADER
fixed length control field 00659nam a2200205Ia 4500
003 - CONTROL NUMBER IDENTIFIER
control field IN-BaIIA
008 - FIXED-LENGTH DATA ELEMENTS--GENERAL INFORMATION
fixed length control field 211028s9999 xx 000 0 eng d
020 ## - INTERNATIONAL STANDARD BOOK NUMBER
International Standard Book Number 0-87692-078-4
040 ## - CATALOGING SOURCE
Transcribing agency IIA Library
080 ## - UNIVERSAL DECIMAL CLASSIFICATION NUMBER
Universal Decimal Classification number 519.687
Item number MUR
100 ## - MAIN ENTRY--PERSONAL NAME
Personal name Murdick, Robert G.
9 (RLIN) 13492
245 #0 - TITLE STATEMENT
Title Information systems for modern management
Statement of responsibility, etc. Robert G. Murdick and Joel E. Ross
250 ## - EDITION STATEMENT
Edition statement 2nd ed.
260 ## - PUBLICATION, DISTRIBUTION, ETC.
Place of publication, distribution, etc. New Delhi
Name of publisher, distributor, etc. Prentice-Hall
Date of publication, distribution, etc. 1983
300 ## - PHYSICAL DESCRIPTION
Extent xv, 671p.
650 ## - SUBJECT ADDED ENTRY--TOPICAL TERM
Topical term or geographic name entry element Astronomy and astrophysics thesaurus
650 ## - SUBJECT ADDED ENTRY--TOPICAL TERM
Topical term or geographic name entry element Management Information Systems (MIS)
9 (RLIN) 11402
700 ## - ADDED ENTRY--PERSONAL NAME
Personal name Ross, Joel E
9 (RLIN) 13493
942 ## - ADDED ENTRY ELEMENTS (KOHA)
Koha item type Books
Holdings
Withdrawn status Lost status Damaged status Not for loan Home library Current library Shelving location Date acquired Cost, normal purchase price Total Checkouts Full call number Barcode Date last seen Cost, replacement price Price effective from Koha item type Purchase Price
        IIA Library-Bangalore IIA Library-Bangalore General Stacks 15/11/1984 45.00   519.687/ MUR 8824 05/11/2021 45.00 15/11/1984 Books Rs. 45.00

Powered by Koha